Datum a čas kvízu
27
Celkem bodů
Celkový počet nahraných bodů na tomto kvízu bez doplňovacích otázek.
10.
Pořadí na kvízu
Konečné umístění týmu na tomto kvízu.
Zaznamenané odpovědi
| # | Otázka | Odpověď | Body | Výsledky |
|---|---|---|---|---|
| 1. | V pátek se dostala do prodeje... | vlky | 0 | |
| 2. | Jak se jmenuje politik, který... | James Cameron | 1 | |
| 3. | V indické nemocnici ve městě B... | hrál na hudební nástroj (na klavír) | 0 | |
| 4. | Který maloobchodní řetězec půs... | Billa | 0 | |
| 5. | Do kterého amerického města s... | do Las Vegas | 1 | |
| 6. | Na začátek tématu a otázky si... | třetím | 1 | |
| 7. | Rozlohou třetí největší africk... | Malawi | 0 | |
| 8. | Seřaďte africké ostrovy v pořa... | 1D 2A 3B 4C | 1 | |
| 9. | Jak se jmenuje město na úpatí... | Kapské město (Cape Town) | 1 | |
| 10. | Afrika se trhá, od zbytku se o... | C | 0 |